Popular Destinations in Asia (Clickable) Quiz Stats

 Plays Quiz not verified by Sporcle

Support Sporcle.
Go Orange.
Score 0/25 Timer 03:00
0 Plays Today
% Correct
Tokyo
91.1%
Singapore
88.5%
Hong Kong
87.9%
Shanghai
86.6%
Beijing
86%
Seoul
82.8%
Ho Chi Min City
75.8%
Taipei
69.4%
New Dehli
69.4%
Kyoto
64.3%
Hanoi
58%
Kathmandu
50.3%
Goa
47.1%
% Correct
Xi'an
44.6%
Halong Bay
44.6%
Chiang Mai
43.9%
Siem Reap
37.6%
Ko Phi Phi Don
36.3%
Koh Tao
31.8%
Luang Prabang
29.9%
Boracay
29.3%
Male
26.1%
Varanasi
25.5%
Hoi An
24.8%
Ubud
22.9%

You're not logged in!

Compare scores with friends on all Sporcle quizzes.
OR
Log In

From the Vault

Top 25 Cities of Vietnam on a Map

by SpanishSpy

Trying to remember them all might feel slightly Hanoi-ing.
Remove Ads.
Support Sporcle.
Get the best of Sporcle when you Go Orange. This ad-free experience offers more features, more stats, and more fun while also helping to support Sporcle. Thank you for becoming a member.

Show Comments

Extras

Top Quizzes Today


Score Distribution

Your Account Isn't Verified!

In order to create a playlist on Sporcle, you need to verify the email address you used during registration. Go to your Sporcle Settings to finish the process.

Report this User

Report this user for behavior that violates our Community Guidelines.

Details: